Chicago True or False Quiz - Easy-ish - Statistics

General Stats
  • This quiz has been taken 21 times
  • The average score is 8 of 15
Answer Stats
Question Answer % Correct
Chicago is home to America's first serial killer. True
100%
The famous sculpture known as "The Bean" (officially, "Cloud Gate") was built in 2004. True
73%
Notorious gangster Al Capone operated his criminal enterprise in Chicago. True
73%
Shoppers in Chicago are charged for plastic grocery bags. True
73%
Engineers reversed the flow of the Chicago river in 1900. True
64%
President Barack Obama began his political career in Chicago. True
64%
Chicago is home to the country's largest population of Somali-Americans. False
55%
Lebron James is one of Chicago's most famous athletes. False
45%
Chicago has the highest murder rate of any city in the country. False
45%
Chicago is the capital of Illinois. False
45%
In 1952, Chicago decided to switch its time zone from Central to Eastern in order to be more in sync with financial hub, New York City. False
45%
In 2024, Chicago was named the "rattiest city in America" by Orkin pest control. True
36%
The Chicago river used to be so polluted that it famously caught on fire in 1969. False
27%
Crayfish can be found in Chicago by the lake. True
27%
Weiner dog races sponsored by Vienna beef take place during Cubs games at Wrigley field. False
0%
No matching quizzes found
Score Distribution
Percent of People with Each Score
Percentile by Number Answered
Your Score History
You have not taken this quiz